| 000 | 01693nam a2200493 i 4500 | ||
|---|---|---|---|
| 001 | 1240 | ||
| 003 | KOSZ 005 | ||
| 005 | 20200507115722.0 | ||
| 008 | 981118s1985 pl a |000 0 pol | ||
| 015 | _aUWD 1985/4555 | ||
| 020 | _a8301053852 | ||
| 035 | _a991008219619705066 | ||
| 035 | _a(PL-WaBN)b12117948-48omnis_nlop | ||
| 035 | _ab12117948 | ||
| 035 | _a(OCoLC)830181259 | ||
| 035 | _a(PL)b0000001211794 | ||
| 035 | _a(EXLNZ-48OMNIS_NETWORK)9910183769005606 | ||
| 040 |
_aWA N _cWA N _dKOSZ 005/HR |
||
| 041 | 0 | _apol | |
| 046 | _k1985 | ||
| 080 | _a69 | ||
| 080 | _a(075.8) | ||
| 245 | 0 | 0 |
_aTechnologia robót budowlanych / _cpod red. Władysława Lenkiewicza ; [aut. Kazimierz Jaworski et al.]. |
| 260 |
_aWarszawa ; _aŁódź : _bPaństwowe Wydawnictwo Naukowe, _c1985. |
||
| 300 |
_a614, [1] s., [3] k. tabl. : _brys. ; _c24 cm. |
||
| 336 |
_aTekst _btxt _2rdacontent |
||
| 337 |
_aBez urządzenia pośredniczącego _bn _2rdamedia |
||
| 338 |
_aWolumin _bnc _2rdacarrier |
||
| 380 | _aKsiążki | ||
| 380 | _aPublikacje dydaktyczne | ||
| 385 |
_mPoziom nauczania _aSzkoły wyższe |
||
| 388 | _a1901-2000 | ||
| 388 | _a1945-1989 | ||
| 650 | 7 |
_aBudownictwo _2DBN |
|
| 650 | 7 | _aTechnologia | |
| 655 | 7 |
_aPodręczniki akademickie _2DBN |
|
| 658 | _aArchitektura i budownictwo | ||
| 700 | 1 |
_aJaworski, Kazimierz Maksymilian _d(1943-2007) _eAutor |
|
| 700 | 1 |
_aLenkiewicz Władysław _d(1915-2005) _eRedakcja |
|
| 710 | 2 |
_aPaństwowe Wydawnictwo Naukowe _4pbl |
|
| 856 |
_uhttp://koha.tu.koszalin.pl/cgi-bin/koha/opac-detail.pl?biblionumber=1240 _yKatalog online BPK |
||
| 942 |
_2UKD _cKS |
||
| 999 |
_c1240 _d1240 |
||